<?xml version="1.0" encoding="UTF-8"?>
<record
    xmlns:xsi="http://www.w3.org/2001/XMLSchema-instance"
    xsi:schemaLocation="http://www.loc.gov/MARC21/slim http://www.loc.gov/standards/marcxml/schema/MARC21slim.xsd"
    xmlns="http://www.loc.gov/MARC21/slim">

  <leader>00737nam a2200217   4500</leader>
  <datafield tag="010" ind1=" " ind2=" ">
    <subfield code="a">B-011546</subfield>
  </datafield>
  <datafield tag="020" ind1=" " ind2=" ">
    <subfield code="a">0521440866</subfield>
  </datafield>
  <datafield tag="035" ind1=" " ind2=" ">
    <subfield code="a">B-011546</subfield>
  </datafield>
  <datafield tag="037" ind1=" " ind2=" ">
    <subfield code="b">Cen Lib / Ret</subfield>
  </datafield>
  <datafield tag="040" ind1=" " ind2=" ">
    <subfield code="a">DPL</subfield>
    <subfield code="b">EN</subfield>
  </datafield>
  <datafield tag="082" ind1=" " ind2=" ">
    <subfield code="a">880.3</subfield>
    <subfield code="b">OUS</subfield>
  </datafield>
  <datafield tag="100" ind1=" " ind2=" ">
    <subfield code="a">Ousby, Ian</subfield>
  </datafield>
  <datafield tag="245" ind1=" " ind2=" ">
    <subfield code="a">The Cambridge Guide to Literature in English /</subfield>
    <subfield code="c">by Ian Ousby</subfield>
  </datafield>
  <datafield tag="260" ind1=" " ind2=" ">
    <subfield code="a">Cambridge</subfield>
    <subfield code="b"> Cambridge University Press</subfield>
    <subfield code="c">1993</subfield>
  </datafield>
  <datafield tag="270" ind1=" " ind2=" ">
    <subfield code="a"> Cambridge University Press</subfield>
    <subfield code="b">40 West 20th Street</subfield>
    <subfield code="e">New York</subfield>
  </datafield>
  <datafield tag="300" ind1=" " ind2=" ">
    <subfield code="a">1055p ; </subfield>
    <subfield code="c">27cm(Hb)</subfield>
  </datafield>
  <datafield tag="650" ind1=" " ind2=" ">
    <subfield code="a">English literature -- Dictionaries.</subfield>
  </datafield>
  <datafield tag="650" ind1=" " ind2=" ">
    <subfield code="a">Commonwealth literature (English) -- Bio-bibliography.</subfield>
  </datafield>
  <datafield tag="650" ind1=" " ind2=" ">
    <subfield code="a">Commonwealth literature (English) -- Dictionaries.</subfield>
  </datafield>
  <datafield tag="942" ind1=" " ind2=" ">
    <subfield code="2">ddc</subfield>
    <subfield code="c">EN</subfield>
    <subfield code="h">880.3</subfield>
    <subfield code="m">QUS</subfield>
  </datafield>
  <datafield tag="999" ind1=" " ind2=" ">
    <subfield code="c">137061</subfield>
    <subfield code="d">137061</subfield>
  </datafield>
  <datafield tag="952" ind1=" " ind2=" ">
    <subfield code="0">0</subfield>
    <subfield code="1">0</subfield>
    <subfield code="4">0</subfield>
    <subfield code="7">0</subfield>
    <subfield code="a">L</subfield>
    <subfield code="b">L</subfield>
    <subfield code="d">2016-03-15</subfield>
    <subfield code="e">Cen Lib/Ret</subfield>
    <subfield code="l">0</subfield>
    <subfield code="o">880.3 OUS</subfield>
    <subfield code="p">B-011546</subfield>
    <subfield code="r">2016-03-15 00:00:00</subfield>
    <subfield code="t">1</subfield>
    <subfield code="w">2016-03-15</subfield>
    <subfield code="y">EN</subfield>
  </datafield>
</record>
